000
00285nam a2200121Ia 4500
008
190216s9999||||xx |||||||||||||| ||und||
100
_a
Avathar Krishna Ralthani
245
0
_a
Hindi-Aathak Beech
260
_b
Sahayak Prakashan
_c
1994
300
_a
163
650
_a
Hindi
942
_c
BK
999
_c
16718
_d
16718